| 000 | 01076nmc a2200337 a 4500 | ||
|---|---|---|---|
| 003 | AR-BaBNM | ||
| 005 | 20251128211609.0 | ||
| 008 | 164120s2000 ||||||||||||||000 | spa|| | ||
| 020 | _a950-701-700-3 | ||
| 040 | _cAR-BaBNM | ||
| 100 | 1 | _aDiez, Verónica | |
| 245 | 1 | 0 | _aLa informática integrada en proyectos de lengua, matemática, ciencias sociales y ciencias naturales |
| 260 |
_aBuenos Aires _c2000 _bAique |
||
| 300 | 0 | _a184 p. | |
| 490 | 0 | _aCarrera docente | |
| 500 | 0 | _aContiene índice temático y alfabético | |
| 500 | 0 | _aContiene apéndice con ilustraciones | |
| 504 | _aReferencias bibliográficas al final de cada capítulo | ||
| 650 | 4 | _aINFORMATICA | |
| 650 | 4 | _aTECNOLOGIA EDUCATIVA | |
| 650 | 4 | _aENSENANZA DE LAS CIENCIAS SOCIALES | |
| 650 | 4 | _aENSENANZA DE LAS MATEMATICAS | |
| 653 | _aENSENANZA DE LA LENGUA | ||
| 653 | _aENSENANZA DE LAS CIENCIAS NATURALES | ||
| 653 | _aESTRATEGIAS DIDACTICAS | ||
| 653 | _aPROYECTOS DE AULA | ||
| 700 | 1 | _aRobino, Alicia | |
| 800 | 1 | _aPironio, Susana | |
| 942 | _cBK | ||
| 998 | _cme-solo cat | ||
| 999 |
_c20360 _d20360 |
||